000 00522cam a2200145 4500500
005 20251012001010.0
041 _afre
042 _adc
100 1 0 _aMoro, Marie Rose
_eauthor
700 1 0 _a Riand, Raphaël
_eauthor
700 1 0 _a Plard, Valérie
_eauthor
245 0 0 _aManuel de psychopathologie du bébé et de sa famille
260 _bLa Pensée sauvage,
_c2010.
856 4 1 _uhttps://shs.cairn.info/manuel-de-psychopathologie-du-bebe-et-de-sa-famille--9782859192518?lang=fr&redirect-ssocas=7080
999 _c1511977
_d1511977